<?xml version="1.0" encoding="UTF-8"?>
<collection xmlns="http://www.loc.gov/MARC21/slim">
 <record>
  <leader>01277nam a2200229 a 4500</leader>
  <controlfield tag="001">TVCDKTCT120421</controlfield>
  <controlfield tag="003">TVCĐKTCT</controlfield>
  <controlfield tag="005">20201202141146.000</controlfield>
  <controlfield tag="008">201202syyyy    vn                       </controlfield>
  <datafield tag="980" ind1="\" ind2="\">
   <subfield code="a">Thư viện Trường CĐ Kỹ Thuật Cao Thắng</subfield>
  </datafield>
  <datafield tag="024" ind1=" " ind2=" ">
   <subfield code="a">RG_1 #1 eb0 i1</subfield>
  </datafield>
  <datafield tag="041" ind1="0" ind2="#">
   <subfield code="a">vie</subfield>
  </datafield>
  <datafield tag="082" ind1="#" ind2="#">
   <subfield code="a">303.483 </subfield>
   <subfield code="b">K600N</subfield>
  </datafield>
  <datafield tag="100" ind1="1" ind2="#">
   <subfield code="a">Trần Giang Sơn ( biên dịch) </subfield>
  </datafield>
  <datafield tag="245" ind1="1" ind2="0">
   <subfield code="a">Kỷ Nguyên trí tuệ nhân tạo / </subfield>
   <subfield code="c">Trần Giang Sơn</subfield>
  </datafield>
  <datafield tag="260" ind1="#" ind2="#">
   <subfield code="a">Tp HCM : </subfield>
   <subfield code="b">HỒng Đức , </subfield>
   <subfield code="c">2019</subfield>
  </datafield>
  <datafield tag="300" ind1=" " ind2=" ">
   <subfield code="a">279 tr. ; </subfield>
   <subfield code="c">20,5  cm</subfield>
  </datafield>
  <datafield tag="520" ind1="#" ind2="#">
   <subfield code="a">Tìm hiểu trí tuệ nhân tạo ảnh hưởng như thế nào đến việc làm, tội phạm, chiến tranh và mọi mặt đời sống cong người; loài người làm gì để phát triển thịnh vượng nhờ tự động hoá mà không nghèo khó và sống thiếu mục đích; liệu máy móc có vượt qua trí tuệ nhân loại để thay thế hoàn toàn con người...</subfield>
  </datafield>
  <datafield tag="541" ind1="#" ind2="#">
   <subfield code="a">Mua</subfield>
  </datafield>
  <datafield tag="650" ind1="#" ind2="4">
   <subfield code="a">TRí tuệ nhân tạo</subfield>
  </datafield>
  <datafield tag="653" ind1="#" ind2="#">
   <subfield code="a">Đời sống xã hội</subfield>
  </datafield>
  <datafield tag="841" ind1="#" ind2="#">
   <subfield code="b">Kho Sách </subfield>
   <subfield code="j">100053958, 100053963, 100053968, 100053978, 100053980, 100053993, 100054007, 100054013</subfield>
  </datafield>
 </record>
</collection>
